000 00283nam a2200109Ia 4500
008 171211s9999 xx 000 0 und d
245 _aInvesting in Resources
245 _cAdrian Day
260 _c2010
650 _xECONOMICS
856 _uhttp://down.ebook777.com/062/0470613262.pdf
999 _c349594
_d349594